[Event "URS-ch sf"]
[Site "Irkutsk"]
[Date "1983.??.??"]
[Round "?"]
[White "Lputian, Smbat G"]
[Black "Kharitonov, Andrei Y"]
[Result "1-0"]
[WhiteElo "2495"]
[BlackElo "2430"]

1.d4 Nf6 2.c4 e6 3.Nf3 d5 4.Nc3 Be7 5.Bg5 O-O 6.Qc2 Nbd7 7.Rd1 c6 8.e3 Re8
9.a3 a6 10.h3 h6 11.Bf4 dxc4 12.Bxc4 b5 13.Ba2 Bb7 14.Ne5 Qb6 15.Nxd7 Nxd7
16.Bb1 f5 17.Ba2 c5 18.Qxf5 Bf6 19.dxc5 Bxc3+ 20.bxc3 Nxc5 21.Rd6 Be4 22.Bxe6+ Rxe6
23.Qxe6+ Nxe6 24.Rxb6 Bxg2 25.Rg1 Nxf4 26.exf4 Bxh3 27.Rxh6 Bf5 28.Rf6 Bd3
29.Rd6 Bc4 30.Rg3 Ra7 31.f5  1-0

[Event "URS-ch sf"]
[Site "Irkutsk"]
[Date "1983.??.??"]
[Round "?"]
[White "Lputian, Smbat G"]
[Black "Pigusov, Evgeny"]
[Result "1/2-1/2"]
[WhiteElo "2495"]
[BlackElo "2430"]

1.d4 Nf6 2.c4 e6 3.Nf3 d5 4.Nc3 Be7 5.Bg5 h6 6.Bh4 O-O 7.Qc2 b6 8.Rd1 Nbd7
9.e3 Bb7 10.cxd5 Nxd5 11.Bg3 c5 12.dxc5 Rc8 13.Nxd5 exd5 14.Bb5 a6 15.Bd3 bxc5
16.O-O Nf6 17.Bf5 Ra8 18.Be5 Qb6 19.Rd3 a5 20.Rc1 a4 21.Rd2 Ne4 22.Rdd1 g6
23.Bxe4 dxe4 24.Nd2 Qe6 25.Nc4 Bd5 26.Nb6 Rad8 27.Nxd5 Rxd5 28.Bc3 Rfd8 29.Rxd5 Qxd5
30.Qxa4 Ra8 31.Qb3 Qxb3 32.axb3 Rb8 33.g4 f6 34.Ra1 Kf7 35.Ra3 h5 36.gxh5 gxh5
37.h3 Ke6 38.Kf1 Bd6 39.Ke2 f5 40.Kd2 h4  1/2-1/2

[Event "URS-ch sf"]
[Site "Irkutsk"]
[Date "1983.??.??"]
[Round "?"]
[White "Chekhov, Valery A"]
[Black "Lputian, Smbat G"]
[Result "1/2-1/2"]
[WhiteElo "2510"]
[BlackElo "2495"]

1.d4 d5 2.c4 e6 3.Nc3 Be7 4.Nf3 Nf6 5.Bg5 h6 6.Bh4 O-O 7.e3 b6 8.cxd5 Nxd5
9.Bxe7 Qxe7 10.Rc1 Bb7 11.Be2 Rc8 12.O-O c5 13.dxc5 Rxc5 14.Nxd5 Bxd5 15.a3 Nd7
16.Qd2 Rac8 17.Rxc5 Rxc5 18.Rc1 Rxc1+ 19.Qxc1 Qc5  1/2-1/2

[Event "URS-ch sf"]
[Site "Irkutsk"]
[Date "1983.??.??"]
[Round "?"]
[White "Lputian, Smbat G"]
[Black "Vladimirov, Evgeny"]
[Result "1-0"]
[WhiteElo "2495"]
[BlackElo "2500"]

1.d4 Nf6 2.c4 e6 3.Nf3 d5 4.Nc3 Be7 5.Bg5 h6 6.Bh4 O-O 7.e3 b6 8.Qc2 Bb7
9.Bxf6 Bxf6 10.cxd5 exd5 11.O-O-O c5 12.dxc5 bxc5 13.Nxd5 Bxd5 14.Bc4 Nc6
15.Rxd5 Qe7 16.a3 Rab8 17.b3 Na5 18.Kd2 Rfd8 19.Ke2 Nxc4 20.Qxc4 Rxd5 21.Qxd5 c4
22.Qxc4 Qxa3 23.Nd2 Qa2 24.Rc1 Rd8 25.Rc2 Qa1 26.h4 Qh1 27.g3 Be5 28.Qc6 Qa1
29.Qa4 Qh1 30.Qa5 Qd5 31.Qxd5 Rxd5 32.Rc8+ Kh7 33.f4 Bb2 34.Rc7 f5 35.Rxa7 Bc3
36.Nb1 Ba5 37.Rb7 Rc5 38.Na3 Rc1 39.b4 Bd8 40.Nb5 Bf6 41.Nd6 Kg6 42.Rb5 Kh5
43.e4  1-0

[Event "URS-ch sf"]
[Site "Irkutsk"]
[Date "1983.??.??"]
[Round "?"]
[White "Lputian, Smbat G"]
[Black "Zilberstein, Valery I"]
[Result "1-0"]
[WhiteElo "2495"]
[BlackElo "2400"]

1.d4 d5 2.c4 dxc4 3.Nf3 Nf6 4.Nc3 c6 5.a4 Bf5 6.e3 e6 7.Bxc4 Nbd7 8.O-O Bb4
9.Nh4 O-O 10.Bd2 a5 11.Qe2 Be4 12.Nxe4 Nxe4 13.Bxb4 axb4 14.Nf3 Qe7 15.Rfd1 e5
16.Bd3 Nef6 17.Bc2 exd4 18.Nxd4 g6 19.h3 Rfd8 20.a5 Qc5 21.a6 bxa6 22.Rxa6 Rxa6
23.Qxa6 Ne5 24.Bb3 Re8 25.Ne2 Qe7 26.Nd4 Qc5 27.Ba4 Rd8 28.Qb7 Ne8 29.Bb3 Rd7
30.Qa8 Re7 31.f4 Nd7 32.Qxc6 Nef6 33.Qf3 Ne4 34.f5 g5 35.Qh5 Kg7 36.Ra1 Ndf6
37.Qxf7+ Rxf7 38.Ne6+  1-0

[Event "URS-ch U26"]
[Site "Jurmala"]
[Date "1983.??.??"]
[Round "?"]
[White "Kharitonov, Andrei Y"]
[Black "Lputian, Smbat G"]
[Result "1-0"]
[WhiteElo "2440"]
[BlackElo "2530"]

1.c4 Nf6 2.Nc3 d6 3.g3 g6 4.Bg2 Bg7 5.d4 O-O 6.Nf3 c6 7.O-O Qa5 8.h3 e5 9.dxe5 dxe5
10.e4 Nbd7 11.a3 Qc5 12.Qe2 Qe7 13.b4 Ne8 14.Be3 Nc7 15.Rad1 Ne6 16.c5 b6
17.Rd6 bxc5 18.Rxc6 cxb4 19.Nd5 Qe8 20.axb4 Nf6 21.Rfc1 Bd7 22.Nc7 Nxc7 23.Rxc7 Nxe4
24.Bxa7 f5 25.Nd2 Bh6 26.Be3 Bb5 27.Bxh6 Bxe2 28.Nxe4 Qd8 29.Ng5 e4 30.Rg7+ Kh8
31.Rxh7+ Kg8 32.Rcc7  1-0

[Event "URS-ch U26"]
[Site "Jurmala"]
[Date "1983.??.??"]
[Round "?"]
[White "Lputian, Smbat G"]
[Black "Andrianov, Nikolai"]
[Result "1/2-1/2"]
[WhiteElo "2530"]
[BlackElo "2400"]

1.d4 Nf6 2.c4 e6 3.Nf3 b6 4.Bf4 Bb7 5.e3 Be7 6.h3 O-O 7.Nc3 d5 8.cxd5 Nxd5
9.Nxd5 Qxd5 10.Bd3 Qa5+ 11.Ke2 c5 12.dxc5 Rd8 13.Qd2 Ba6 14.Ne1 Qxd2+ 15.Kxd2 Nc6
16.Bd6 Bxd6 17.Bxa6 Bxc5+ 18.Ke2 Nb4 19.Bb7 Rab8 20.Bf3 Rbc8 21.a3 Nc6 22.Nd3 Bd6
23.Bxc6 Rxc6 24.Rac1 Rdc8 25.Kd2 Kf8 26.Rxc6 Rxc6  1/2-1/2

[Event "URS-ch U26"]
[Site "Jurmala"]
[Date "1983.??.??"]
[Round "?"]
[White "Lputian, Smbat G"]
[Black "Chernin, Alexander"]
[Result "1/2-1/2"]
[WhiteElo "2530"]
[BlackElo "2455"]

1.d4 d6 2.Nf3 f5 3.g3 Nf6 4.Bg2 g6 5.O-O Bg7 6.b3 O-O 7.Bb2 Ne4 8.Nbd2 Nc6
9.c4 Nxd2 10.Qxd2 e5 11.dxe5 dxe5 12.Qd5+ Kh8 13.Qxd8 Rxd8 14.Ng5 Rd2 15.Bc3 Rc2
16.Rac1 Rxc1 17.Rxc1 e4 18.f3 h6 19.Nh3 Nd4 20.Kf2 exf3 21.exf3 Be6 22.Nf4 Bf7
23.Rd1 Rd8 24.Ne2 Ne6 25.Rxd8+ Nxd8 26.f4 Bxc3 27.Nxc3 c6 28.Ke3 Kg7 29.Na4 Kf6
30.Nc5 Ke7  1/2-1/2

[Event "URS-ch U26"]
[Site "Jurmala"]
[Date "1983.??.??"]
[Round "?"]
[White "Lputian, Smbat G"]
[Black "Gavrikov, Viktor"]
[Result "1/2-1/2"]
[WhiteElo "2530"]
[BlackElo "2485"]

1.d4 Nf6 2.c4 g6 3.Nc3 d5 4.Nf3 Bg7 5.Qb3 dxc4 6.Qxc4 O-O 7.e4 Na6 8.Qb3 c5
9.d5 e6 10.Bxa6 bxa6 11.O-O exd5 12.exd5 Qb6 13.Bf4 Bb7 14.Rfd1 Qxb3 15.axb3 Rfd8
16.d6 Rac8 17.Rd2 h6 18.h3 g5 19.Bh2 Nd7 20.Nd5 Bxd5 21.Rxd5 Rc6 22.Ra2 Bf8
23.h4 Nf6 24.Rf5 Bxd6 25.hxg5 Ng4 26.Bxd6 Rdxd6 27.g3 Rd1+ 28.Kg2 h5 29.Ne5 Nxe5
30.Rxe5 Rd3 31.Ra3 Rd2 32.Ra2 Rd3 33.Ra3 Rd2 34.Re7 Rg6 35.Re5 Rc6  1/2-1/2

[Event "URS-ch U26"]
[Site "Jurmala"]
[Date "1983.??.??"]
[Round "?"]
[White "Lputian, Smbat G"]
[Black "Lanka, Zigurds"]
[Result "0-1"]
[WhiteElo "2530"]
[BlackElo "2365"]

1.d4 Nf6 2.c4 g6 3.Nc3 Bg7 4.Nf3 O-O 5.Bg5 d6 6.e3 h6 7.Bh4 c6 8.Be2 Nfd7
9.g4 Re8 10.Qc2 c5 11.d5 Na6 12.Nd2 Rb8 13.f4 b5 14.cxb5 Nc7 15.e4 a6 16.a4 axb5
17.axb5 Nf6 18.Bxf6 Bxf6 19.O-O Bd7 20.e5 dxe5 21.b6 Rxb6 22.Nc4 Rb4 23.fxe5 Bg7
24.Qe4 Rf8 25.Rad1 e6 26.dxe6 Nxe6 27.Nd5 Bc6 28.Nf6+ Qxf6 29.Qxc6 Qh4 30.Rxf7 Rxf7
31.Qxe6 Qf2+ 32.Kh1 Qxe2 33.Rd8+ Kh7  0-1

[Event "URS-ch U26"]
[Site "Jurmala"]
[Date "1983.??.??"]
[Round "?"]
[White "Zaichik, Gennadi"]
[Black "Lputian, Smbat G"]
[Result "1-0"]
[WhiteElo "2480"]
[BlackElo "2530"]

1.d4 e6 2.c4 d5 3.Nc3 Be7 4.Nf3 Nf6 5.Bg5 h6 6.Bh4 O-O 7.e3 b6 8.Qc2 Bb7
9.Bxf6 Bxf6 10.cxd5 exd5 11.O-O-O c5 12.dxc5 Nd7 13.c6 Bxc6 14.Nd4 Bb7 15.g4 Ne5
16.Be2 Rc8 17.h4 Bxh4 18.f4 Ng6 19.Bd3 b5 20.Bxb5 Bf6 21.g5 hxg5 22.Qh2 Nh4
23.fxg5 Bxg5 24.Kb1 Qf6 25.Rdg1 Bxe3 26.Rg4 g5 27.Bd3 Bxd4 28.Qxh4 Rfe8 29.Rf1 Qh8
30.Qxg5+ Kf8 31.Qf4  1-0

[Event "URS Cup"]
[Site "URS"]
[Date "1984.??.??"]
[Round "?"]
[White "Vitolinsh, Alvis"]
[Black "Lputian, Smbat G"]
[Result "1/2-1/2"]
[WhiteElo "2465"]
[BlackElo "2540"]

1.e4 e6 2.d4 d5 3.Nc3 Nf6 4.Bg5 dxe4 5.Nxe4 Be7 6.Nxf6+ Bxf6 7.Bxf6 Qxf6
8.Nf3 O-O 9.Qe2 c5 10.Qe5 Qxe5+ 11.dxe5 Bd7 12.O-O-O Bc6 13.Bd3 Bd5 14.Rhe1 Nc6
15.Be4 Bxe4 16.Rxe4 Rfd8 17.c3 h6 18.h4 Rxd1+ 19.Kxd1 Rd8+ 20.Nd2 Rd5 21.f4 h5
22.Kc2 Ne7 23.a4 Nf5 24.Nf3 b6 25.Kb3 Rd3 26.Kc4 Re3 27.Rxe3 Nxe3+ 28.Kb5 Nd1
29.Nd2 Nxb2 30.c4 f6 31.Ka6 Nxa4 32.Kxa7 fxe5 33.fxe5 Kf7 34.Ne4 Kg6 35.Nd6 Kh6
36.Ka6 g5 37.Nf7+ Kg6 38.Nxg5 Kf5 39.Nf7 Kf4 40.Kb5 Nb2 41.Kxb6  1/2-1/2

[Event "URS Cup"]
[Site "URS"]
[Date "1984.??.??"]
[Round "?"]
[White "Petrosian, Arshak B"]
[Black "Lputian, Smbat G"]
[Result "1/2-1/2"]
[WhiteElo "2470"]
[BlackElo "2540"]

1.d4 Nf6 2.c4 d6 3.Nc3 Nbd7 4.Nf3 c6 5.g3 Nb6 6.b3 Bg4 7.Bg2 e6 8.O-O d5
9.Ne5 Bh5 10.Bf4 Be7 11.c5 Nbd7 12.Nd3 O-O 13.b4 Bg6 14.b5 Ne4 15.Nxe4 dxe4
16.bxc6 bxc6 17.Nb4 Rc8 18.Qa4 e5 19.Nxc6 Rxc6 20.Qxc6 exf4 21.gxf4 Nf6 22.e3  1/2-1/2

[Event "URS Cup"]
[Site "URS"]
[Date "1984.??.??"]
[Round "?"]
[White "Lputian, Smbat G"]
[Black "Taimanov, Mark E"]
[Result "1-0"]
[WhiteElo "2540"]
[BlackElo "2515"]

1.d4 Nf6 2.c4 e6 3.Nf3 Bb4+ 4.Nbd2 b6 5.a3 Bxd2+ 6.Bxd2 Bb7 7.Bg5 d6 8.e3 Nbd7
9.Bd3 e5 10.Bf5 e4 11.Nd2 h6 12.Bh4 Qe7 13.b4 Rd8 14.Qa4 a6 15.Bxf6 Qxf6
16.Bxe4 Bxe4 17.Nxe4 Qg6 18.Qc6 O-O 19.Nd2 Nb8 20.Qe4 f5 21.Qd5+ Rf7 22.g3 Nd7
23.O-O Nf6 24.Qg2 Re7 25.a4 Ne4 26.Nxe4 fxe4 27.Rfe1 c5 28.a5 Rb8 29.axb6 Rxb6
30.bxc5 dxc5 31.d5 Rb2 32.Rab1 Ra2 33.Rb8+ Kh7 34.Rf8 Rd2 35.h4 a5 36.Ra1 Qa6
37.Qh3 Re5 38.Qd7 h5 39.Rb1 Qg6 40.Rbb8 Rd1+ 41.Kg2  1-0

[Event "URS Cup"]
[Site "URS"]
[Date "1984.??.??"]
[Round "?"]
[White "Lputian, Smbat G"]
[Black "Gulko, Boris F"]
[Result "1/2-1/2"]
[WhiteElo "2540"]
[BlackElo "2470"]

1.d4 Nf6 2.c4 d6 3.Nc3 Nbd7 4.Nf3 c6 5.e4 e5 6.Be2 Be7 7.O-O O-O 8.Re1 a6
9.Bf1 b5 10.a3 Re8 11.h3 Bb7 12.Bg5 h6 13.Bxf6 Bxf6 14.d5 cxd5 15.cxb5 d4
16.bxa6 Bxa6 17.Bxa6 dxc3 18.Bb5 cxb2 19.Ra2 Qe7 20.a4 Reb8 21.Rxb2 Nc5 22.Rb1 g6
23.g3 Kg7  1/2-1/2

[Event "URS Cup"]
[Site "URS"]
[Date "1984.??.??"]
[Round "?"]
[White "Anikaev, Yuri N"]
[Black "Lputian, Smbat G"]
[Result "1/2-1/2"]
[WhiteElo "2460"]
[BlackElo "2540"]

1.d4 d5 2.c4 e6 3.Nc3 c5 4.cxd5 exd5 5.Nf3 Nc6 6.g3 Nf6 7.Bg2 Be7 8.O-O O-O
9.dxc5 Bxc5 10.Na4 Be7 11.Be3 Re8 12.Rc1 Bg4 13.h3 Be6 14.Nd4 Qd7 15.Nxe6 fxe6
16.Bc5 Rad8 17.e3 Bd6 18.Bxd6 Qxd6 19.Nc5 Re7 20.Qb3 b6 21.Nd3 Rc7 22.Qa4 Rdc8
23.Rc3 Ne5 24.Rxc7 Rxc7 25.Nf4 a5 26.Qd1 Rc4 27.h4 Ned7 28.Re1 Qe5 29.Bh3 Nf8
30.Re2  1/2-1/2

[Event "URS Cup"]
[Site "URS"]
[Date "1984.??.??"]
[Round "?"]
[White "Romanishin, Oleg M"]
[Black "Lputian, Smbat G"]
[Result "0-1"]
[WhiteElo "2580"]
[BlackElo "2540"]

1.c4 e6 2.Nc3 d5 3.d4 c5 4.Be3 e5 5.Nxd5 cxd4 6.Bd2 Nf6 7.Bg5 Nxd5 8.Bxd8 Bb4+
9.Qd2 Bxd2+ 10.Kxd2 O-O 11.Bh4 Nb6 12.b3 a5 13.c5 N6d7 14.Rc1 Nc6 15.a3 e4
16.e3 d3 17.f3 f5 18.g4 fxg4 19.fxe4 Nxc5 20.Rxc5 Rxf1 21.Rc1 Rxc1 22.Kxc1 Be6
23.Kd2 Rf8 24.Kxd3 Rf1  0-1

[Event "Yerevan"]
[Site "Yerevan"]
[Date "1984.??.??"]
[Round "?"]
[White "Lputian, Smbat G"]
[Black "Szekely, Peter"]
[Result "1/2-1/2"]
[WhiteElo "2540"]
[BlackElo "2430"]

1.d4 Nf6 2.c4 e6 3.Nf3 b6 4.Nc3 Bb4 5.Qb3 a5 6.g3 Bb7 7.Bg2 O-O 8.O-O Bxc3
9.bxc3 Be4 10.Bh3 Re8 11.Re1 Bb7 12.Nd2 e5 13.c5 a4 14.Qb2 exd4 15.cxd4 Bd5
16.cxb6 cxb6 17.Nb1 Nc6 18.Nc3 Bc4 19.Bg5 d5 20.Rad1 h6 21.Bxf6 Qxf6 22.Qxb6 Ra6
23.Qb2 Nxd4  1/2-1/2

[Event "Yerevan"]
[Site "Yerevan"]
[Date "1984.??.??"]
[Round "?"]
[White "Lputian, Smbat G"]
[Black "Rodriguez, Amador"]
[Result "1/2-1/2"]
[WhiteElo "2540"]
[BlackElo "2445"]

1.d4 Nf6 2.c4 e6 3.Nf3 b6 4.Nc3 Bb7 5.a3 d5 6.cxd5 Nxd5 7.Bd2 Nd7 8.Qc2 c5
9.e4 Nxc3 10.Bxc3 cxd4 11.Nxd4 a6 12.Be2 Qc7 13.O-O Be7 14.h3 O-O 15.Rfe1 Rfd8
16.Bf1  1/2-1/2

[Event "Yerevan"]
[Site "Yerevan"]
[Date "1984.??.??"]
[Round "?"]
[White "Lputian, Smbat G"]
[Black "Prandstetter, Eduard"]
[Result "0-1"]
[WhiteElo "2540"]
[BlackElo "2435"]

1.d4 Nf6 2.c4 e6 3.Nf3 b6 4.Nc3 Bb7 5.Bg5 Be7 6.Qc2 c5 7.dxc5 bxc5 8.Rd1 Nc6
9.e3 O-O 10.Be2 d6 11.O-O Qb6 12.Rd2 Rfd8 13.Rfd1 Ne5 14.Nxe5 dxe5 15.Bd3 h6
16.Bxf6 Bxf6 17.Be4 Rxd2 18.Rxd2 Rd8 19.Rxd8+ Bxd8 20.Bxb7 Qxb7 21.h3 Be7
22.b3 g6 23.Qb2 h5 24.Qa3 Kf8 25.Qa5 Qd7 26.Qb5 Qd3 27.Qb8+ Kg7 28.Nb5 e4
29.Qc7 Bf6 30.Qxc5 Qb1+ 31.Kh2 Qb2 32.Kg1 Qa1+ 33.Kh2 Qb2 34.Kg1 Qa1+ 35.Kh2 Be5+
36.g3 h4 37.Nd4 hxg3+ 38.Kg2 Bf6 39.fxg3 Qxa2+ 40.Kf1 Qb1+ 41.Kf2 Qb2+ 42.Kf1 Qc1+
43.Kf2 Qd2+ 44.Kf1 e5 45.Ne2 Qd1+ 46.Kf2 Qxb3 47.h4 a5 48.Qxa5 Qxc4 49.Qa8 Be7
50.Qb8 Qd5 51.Nc3 Qc6 52.Ne2 Qf6+ 53.Ke1 Bc5 54.Qb3 Qd6 55.Kf2 Qd3 56.Qxd3 exd3
57.Nc3 f5 58.Nd1 f4 59.gxf4 exf4 60.Kf3 fxe3 61.Nxe3 Bxe3 62.Kxe3 Kh6  0-1

[Event "Yerevan"]
[Site "Yerevan"]
[Date "1984.??.??"]
[Round "?"]
[White "Lputian, Smbat G"]
[Black "Petrosian, Arshak B"]
[Result "1/2-1/2"]
[WhiteElo "2540"]
[BlackElo "2470"]

1.d4 d5 2.c4 e6 3.Nc3 Nf6 4.Bg5 Be7 5.cxd5 exd5 6.Nf3 Nbd7 7.e3 O-O 8.Bd3 Re8
9.O-O Nf8 10.Qc2 c6 11.Ne5 Ng4 12.Bxe7 Qxe7 13.Nxg4 Bxg4 14.Rae1 Rad8 15.Bf5 Bxf5
16.Qxf5  1/2-1/2

[Event "Yerevan"]
[Site "Yerevan"]
[Date "1984.??.??"]
[Round "?"]
[White "Lputian, Smbat G"]
[Black "Lukov, Valentin"]
[Result "1/2-1/2"]
[WhiteElo "2540"]
[BlackElo "2435"]

1.d4 Nf6 2.c4 e6 3.Nf3 Bb4+ 4.Nbd2 b6 5.a3 Bxd2+ 6.Bxd2 Bb7 7.Bg5 h6 8.Bh4 d6
9.e3 Nbd7 10.Bd3 g5 11.Bg3 h5 12.h3 Ne4 13.Qc2 f5 14.O-O-O Qf6 15.Kb1 O-O-O
16.h4 g4 17.Ng5 Qg6 18.Bxe4 Bxe4 19.Nxe4 fxe4 20.b4 e5 21.Qa4 Kb7 22.c5 dxc5
23.dxc5 Qc6 24.Qxc6+ Kxc6 25.cxb6 cxb6 26.Rd2 Nf6 27.Rc2+ Kd5 28.Rd1+ Ke6
29.Rc6+ Kf5 30.Rxd8 Rxd8 31.Kc2 Rd3 32.Rc7 Rd7 33.Rc6 Rd3 34.a4 Ra3 35.a5 bxa5
36.Rc5 Nd7 37.Rc7 Ke6 38.b5 a4 39.Rxa7 Nc5 40.Rc7 Nd3 41.b6 Rb3 42.Ra7 Rb2+  1/2-1/2

[Event "Yerevan"]
[Site "Yerevan"]
[Date "1984.??.??"]
[Round "?"]
[White "Malaniuk, Vladimir P"]
[Black "Lputian, Smbat G"]
[Result "1/2-1/2"]
[WhiteElo "2485"]
[BlackElo "2540"]

1.e4 e6 2.d4 d5 3.exd5 exd5 4.Bd3 c5 5.dxc5 Bxc5 6.Nf3 Nf6 7.O-O O-O 8.Bg5 h6
9.Bh4 g5 10.Bg3 Ne4 11.Nfd2 f5 12.Nxe4 dxe4 13.Bc4+ Kh7 14.Bxb8 Rxb8 15.Nc3 Qe7
16.Qe2 a6 17.Rad1 b5 18.Bb3 Bb7 19.Bd5 Rbd8 20.Bxb7 Qxb7 21.Rxd8 Rxd8 22.Rd1 Bd4
23.Rd2 Qd7 24.Kf1 Qe7 25.Qd1 Bb6 26.Nd5 Qe6 27.Nxb6 Rxd2 28.Qxd2 Qxb6 29.Qd7+ Kg6
30.Qe8+ Kf6 31.Qh8+  1/2-1/2

[Event "Yerevan"]
[Site "Yerevan"]
[Date "1984.??.??"]
[Round "?"]
[White "Novikov, Igor A"]
[Black "Lputian, Smbat G"]
[Result "1/2-1/2"]
[WhiteElo "2420"]
[BlackElo "2540"]

1.d4 d5 2.c4 e6 3.Nf3 Nf6 4.Nc3 Be7 5.Bg5 h6 6.Bxf6 Bxf6 7.e3 O-O 8.Qc2 c5
9.dxc5 Qa5 10.cxd5 exd5 11.O-O-O Bxc3 12.Qxc3 Qxc3+ 13.bxc3 Be6 14.Nd4 Nd7
15.c6 bxc6 16.Nxc6 Kh8 17.Nd4 Rfc8 18.Kd2 Rab8 19.Rc1 Rb2+ 20.Rc2 Rb1 21.Nxe6 fxe6
22.Ba6 Rxh1 23.Bxc8 Nb6 24.Bxe6 Rxh2 25.Bh3 g5 26.Kd3 h5 27.f3 Kg7 28.e4 Kf6
29.Kd4 dxe4 30.Kxe4 Nc4 31.Bd7 Rh4+ 32.g4 Ne5 33.Bc8 hxg4 34.fxg4 Nxg4 35.c4 Ke7
36.c5 Kd8 37.Bxg4 Rxg4+ 38.Kd5 Rf4 39.Rh2 Rf7 40.Rh8+  1/2-1/2

[Event "Yerevan"]
[Site "Yerevan"]
[Date "1984.??.??"]
[Round "?"]
[White "Mnatsakanian, Eduard A"]
[Black "Lputian, Smbat G"]
[Result "1/2-1/2"]
[WhiteElo "2435"]
[BlackElo "2540"]

1.e4 e6 2.d4 d5 3.Nc3 Bb4 4.e5 c5 5.a3 Ba5 6.b4 cxd4 7.Nb5 Bc7 8.Nf3 Ne7
9.Nbxd4 Nbc6 10.Nxc6 bxc6 11.Bd3 Ng6 12.Bb2 Rb8 13.Bd4 Bb6 14.c3 O-O 15.O-O Qe7
16.Qd2 c5 17.bxc5 Bxc5 18.Qe3 Bxd4 19.cxd4 Bd7 20.Rfb1 a5 21.Rxb8 Rxb8 22.Rb1 Qd8
23.Rxb8 Qxb8  1/2-1/2

[Event "Yerevan"]
[Site "Yerevan"]
[Date "1984.??.??"]
[Round "?"]
[White "Rashkovsky, Nukhim N"]
[Black "Lputian, Smbat G"]
[Result "0-1"]
[WhiteElo "2470"]
[BlackElo "2540"]

1.d4 d5 2.c4 e6 3.Nf3 c5 4.cxd5 exd5 5.Bg5 Be7 6.Bxe7 Nxe7 7.dxc5 Na6 8.e3 Nxc5
9.Nc3 O-O 10.Nd4 Qb6 11.Rb1 Qg6 12.g3 Bg4 13.Be2 Bh3 14.Bf1 Qh6 15.Qf3 Ne6
16.Rd1 Nc6 17.Nxc6 bxc6 18.g4 Bxf1 19.Kxf1 Rab8 20.b3 Rb4 21.h3 f5 22.gxf5 Ng5
23.Qg3 Rxf5 24.Rd4 Rxd4 25.exd4 Nf3 26.Nd1 Qc1 27.Kg2 Rg5 28.Kxf3 Rxg3+ 29.fxg3 Qd2
30.Nf2 Qxa2 31.Nd3 Qd2 32.Nf4 g5 33.Ne2 Qd3+ 34.Kf2 c5 35.dxc5 d4 36.Re1 Qe3+
37.Kf1 d3 38.Ng1 Qxc5 39.Rd1 Qc2 40.Ke1 Qg2 41.Rxd3 Qxg1+ 42.Kd2  0-1

[Event "Yerevan"]
[Site "Yerevan"]
[Date "1984.??.??"]
[Round "?"]
[White "Pytel, Krzysztof"]
[Black "Lputian, Smbat G"]
[Result "1/2-1/2"]
[WhiteElo "2410"]
[BlackElo "2540"]

1.d4 e6 2.Nf3 d5 3.c4 c5 4.cxd5 exd5 5.Bg5 Be7 6.Bxe7 Qxe7 7.Nc3 Nf6 8.dxc5 Qxc5
9.e3 O-O 10.Be2 Qb6 11.a3 Bd7 12.b4 a5 13.b5 Be6 14.Qd4 Nbd7 15.O-O Rfc8
16.Rfc1 h6 17.h3 Nc5 18.Nd2 Qd6 19.e4 Ncxe4 20.Ncxe4 Nxe4 21.Nxe4 Qf4 22.Rxc8+ Rxc8
23.Bf3 Rc4 24.Qd2 Qe5 25.Re1 dxe4 26.Qxa5 Qf4 27.Be2 Rc2 28.Qd8+ Kh7 29.Qd4 f5
30.a4 Ra2 31.Ra1 Rxa1+  1/2-1/2

[Event "Yerevan"]
[Site "Yerevan"]
[Date "1984.??.??"]
[Round "?"]
[White "Lputian, Smbat G"]
[Black "Eolian, Levon S"]
[Result "1/2-1/2"]
[WhiteElo "2540"]
[BlackElo "2425"]

1.d4 d5 2.c4 e6 3.Nc3 Nf6 4.Nf3 Be7 5.Bg5 O-O 6.e3 h6 7.Bh4 b6 8.Rc1 Bb7
9.Bd3 c5 10.cxd5 cxd4 11.Nxd4 Nxd5 12.Bxe7 Qxe7 13.O-O Nxc3 14.Rxc3 Na6 15.Nc6  1/2-1/2

[Event "Yerevan"]
[Site "Yerevan"]
[Date "1984.??.??"]
[Round "?"]
[White "Lputian, Smbat G"]
[Black "Kholmov, Ratmir D"]
[Result "1/2-1/2"]
[WhiteElo "2540"]
[BlackElo "2465"]

1.d4 d5 2.c4 e6 3.Nc3 Be7 4.cxd5 exd5 5.Bf4 Nf6 6.e3 O-O 7.Bd3 c5 8.dxc5 Bxc5
9.Nge2 Be6 10.O-O Nc6 11.Bg5 Be7 12.Nf4 Rb8 13.Rb1 Ne8 14.Bxe7 Nxe7 15.Nb5 Bd7
16.Nd4 Qb6 17.Qb3 Qxb3 18.Nxb3 Nf6 19.Rbc1 Rfc8 20.f3 Rxc1 21.Rxc1 Rc8 22.Rxc8+ Bxc8
23.g4 h6 24.h4 Nd7 25.Nd4 Ne5 26.Be2 Bd7 27.Kf2 Kf8 28.b3 g5 29.hxg5 hxg5
30.Nh5 Ng8 31.Bb5 Bc8 32.Ng3 Ne7 33.Ke2 a6 34.Bd3 N5c6 35.Nc2 f6 36.Kd2 Ne5
37.Be2 N7c6 38.Kc3 Ke7 39.Nh5 f5 40.gxf5 Bxf5 41.Nd4 Nxd4 42.exd4 Ng6 43.Kb4 Kd6
44.Ka5 Kc7 45.Kb4  1/2-1/2

[Event "Yerevan"]
[Site "Yerevan"]
[Date "1984.??.??"]
[Round "?"]
[White "Short, Nigel D"]
[Black "Lputian, Smbat G"]
[Result "1/2-1/2"]
[WhiteElo "2500"]
[BlackElo "2540"]

1.e4 e6 2.d4 d5 3.Nc3 Bb4 4.e5 c5 5.a3 Ba5 6.b4 cxd4 7.Qg4 Ne7 8.bxa5 dxc3
9.Qxg7 Rg8 10.Qxh7 Nbc6 11.Nf3 Qxa5 12.Ng5 Rf8 13.f4 Bd7 14.h4 Qa4 15.Bd3 Nd4
16.Rb1 Nef5 17.Kd1 Nc6 18.g4 Nfd4 19.h5 O-O-O 20.Nxf7 Rxf7 21.Qxf7 Nxe5 22.fxe5 Nxc2
23.Bxc2 Qxg4+ 24.Ke1 Qg2 25.Rf1 Qxc2 26.Qg6 Qh2 27.Qd3 Qh4+ 28.Ke2 Qxh5+
29.Qf3 Qxe5+ 30.Be3 Bc6 31.Qf6 Qe4 32.Rb4 Qc2+ 33.Ke1 a5 34.Qxe6+ Bd7 35.Qe7 axb4
36.Rf8 Qb1+ 37.Kf2 Qc2+ 38.Ke1  1/2-1/2

[Event "Sarajevo"]
[Site "Sarajevo"]
[Date "1985.??.??"]
[Round "2"]
[White "Lputian, Smbat G"]
[Black "Kurajica, Bojan"]
[Result "1/2-1/2"]
[WhiteElo "2530"]
[BlackElo "2535"]

1.d4 Nf6 2.c4 e6 3.Nf3 Bb4+ 4.Nbd2 d5 5.Qa4+ Nc6 6.e3 O-O 7.a3 Bxd2+ 8.Bxd2 Ne4
9.Rd1 Qf6 10.Bd3 Nd6 11.O-O dxc4 12.Bxc4 Bd7 13.Bd3 e5 14.d5 e4 15.Bxe4 Ne5
16.Qd4 Nxf3+ 17.Bxf3 Qxd4 18.exd4 Rfe8 19.Rc1 Rac8 20.Bf4 Nf5 21.Rxc7 Rxc7
22.Bxc7 Nxd4 23.Bd1 Bb5 24.d6 Ne6 25.Bg4 Bxf1 26.Kxf1 Kf8 27.Bf3 b6 28.Bc6 Rc8
29.Bd5 g6 30.h4 h6 31.g4 g5 32.hxg5  1/2-1/2

[Event "Sarajevo"]
[Site "Sarajevo"]
[Date "1985.??.??"]
[Round "4"]
[White "Lputian, Smbat G"]
[Black "Lalic, Bogdan"]
[Result "1-0"]
[WhiteElo "2530"]
[BlackElo "2440"]

1.d4 Nf6 2.c4 g6 3.Nc3 d5 4.Nf3 Bg7 5.cxd5 Nxd5 6.e4 Nxc3 7.bxc3 c5 8.Rb1 O-O
9.Be2 b6 10.O-O cxd4 11.cxd4 e6 12.Bg5 Qd6 13.Qd2 Bb7 14.Qe3 Rc8 15.Rfd1 Nd7
16.h4 Rc2 17.e5 Qc7 18.Bd3 Rc3 19.Qe2 Bd5 20.Rbc1 h6 21.Be3 Rd8 22.h5 Nf8
23.Nh2 Rxc1 24.Rxc1 Qb7 25.Ba6 Qa8 26.hxg6 Nxg6 27.f3 Nh4 28.Bf2 Ng6 29.Ng4 Qb8
30.Be3 Kh7 31.Kf2 Rh8 32.Rh1 Kg8 33.Bxh6 Bxh6 34.Rxh6 Rxh6 35.Nxh6+ Kg7 36.Ng4 Qd8
37.Qd2 Qh4+ 38.g3 Qh5 39.Bd3 Ne7 40.a3 Nc6 41.Qf4 Qh1 42.Bf1 Kf8 43.Nf6 Ne7
44.Bg2 Qh2 45.Qd2 a5 46.Nd7+ Kg7 47.Qg5+ Ng6 48.Nxb6 Bc6 49.Nc4 Qh7 50.Ne3  1-0

[Event "Sochi"]
[Site "Sochi"]
[Date "1985.??.??"]
[Round "?"]
[White "Gulko, Boris F"]
[Black "Lputian, Smbat G"]
[Result "1-0"]
[WhiteElo "2475"]
[BlackElo "2530"]

1.d4 d5 2.c4 e6 3.Nf3 Nf6 4.g3 Bb4+ 5.Nc3 dxc4 6.Bg2 Nc6 7.O-O O-O 8.Re1 Nd5
9.Qc2 Be7 10.Ne4 b5 11.a3 Na5 12.Neg5 f5 13.e4 Nb3 14.exd5 Nxa1 15.Qe2 Nb3
16.Bf4 Bxg5 17.Nxg5 exd5 18.Qh5 h6 19.Qg6 hxg5 20.Be5  1-0

[Event "Sochi"]
[Site "Sochi"]
[Date "1985.??.??"]
[Round "?"]
[White "Foisor, Ovidiu"]
[Black "Lputian, Smbat G"]
[Result "1/2-1/2"]
[WhiteElo "2430"]
[BlackElo "2530"]

1.d4 d5 2.c4 e6 3.Nc3 c5 4.e3 Nf6 5.Nf3 Nc6 6.a3 a6 7.dxc5 Bxc5 8.b4 Ba7
9.Bb2 O-O 10.Qc2 Qe7 11.Rd1 Rd8 12.Be2 dxc4 13.Rxd8+ Nxd8 14.Ne4 Nxe4 15.Qxe4 a5
16.Qxc4 axb4 17.axb4 Bd7 18.O-O Rc8 19.Qb3 f6 20.b5 Bc5 21.Nd2 Bb4 22.Ne4 Be8
23.Rc1 Rxc1+ 24.Bxc1 Bf7 25.Bd2 Bxd2 26.Nxd2 g6 27.Qc3 Kg7 28.f4 e5 29.Kf2 exf4
30.exf4 Ne6 31.g3 Nc5 32.Qd4 b6 33.Bc4 Bxc4 34.Qxc4 Qe8 35.Qe2 Qd7 36.Nf3 Kf7
37.Qa2+ Kf8 38.Qc4 Qd1 39.Kg2 Kg7 40.Nd4 Nd3 41.Qd5 h5 42.Qe4 Qd2+ 43.Qe2 Nxf4+
44.gxf4 Qxd4 45.Qe7+ Kg8 46.Qe8+  1/2-1/2

[Event "Sochi"]
[Site "Sochi"]
[Date "1985.??.??"]
[Round "?"]
[White "Lputian, Smbat G"]
[Black "Agzamov, Georgy"]
[Result "1-0"]
[WhiteElo "2530"]
[BlackElo "2590"]

1.d4 Nf6 2.c4 e6 3.Nf3 Bb4+ 4.Nbd2 b6 5.a3 Bxd2+ 6.Bxd2 Ne4 7.Bf4 Bb7 8.e3 d6
9.Bd3 Nd7 10.O-O O-O 11.b4 a5 12.Qc2 Nef6 13.e4 h6 14.Bd2 axb4 15.axb4 c5
16.bxc5 bxc5 17.d5 Qc7 18.Qc3 Rxa1 19.Rxa1 Ra8 20.Re1 Re8 21.h3 Ra8 22.Qc1 Ne5
23.Nxe5 dxe5 24.Bc3 Nd7 25.Re3 Nf6 26.Qb2 Nd7 27.Rg3 f6 28.Qe2 Nf8 29.Qg4 Qf7
30.Bd2 Kh8 31.Be3 Ra1+ 32.Kh2 Ra5 33.Qd1 Qc7 34.Qd2 g5 35.h4 Ra8 36.hxg5 hxg5
37.Rh3+ Nh7 38.Be2 Rd8 39.Bh5 Kg7 40.Qe2 Nf8 41.Qg4 Qe7 42.d6 Rxd6 43.Bxc5 Qc7
44.Be8 Bxe4 45.Bxd6 Qxd6 46.Qxe4 Qb8 47.Ba4 Qa7 48.Bc2 Kg8 49.Qf3 Qg7 50.Qh5  1-0